Lucky Starr : (Registro nro. 9260)

Detalles MARC
000 -LIDER
fixed length control field 00957nam a22002777a 4500
003 - IDENTIFICACDOR DE NÚMERO DE CONTROL
control field DO-SdBNP
005 - DATE AND TIME OF LATEST TRANSACTION
control field 20180201104455.0
008 - ELEMENTOS DE LONGITUD FIJA
fixed length control field 160316b 1980 sp xxu||||| |||| 00| 0 spa d
020 ## - ISBN
International Standard Book Number 8402075975
040 ## - FUENTE DE CATALOGACIÓN
Agencia que crea de manera original el registro BPMSU
Idioma de catalogación spa
Agencia que realiza la transcripción BPMSU
041 17 - CÓDIGOS DE OBRAS TRADUCIDAS O EN VARIOS IDIOMAS
Código del idioma del texto/archivo de sonido o separata spa
Cód. del idioma original y/o traducciones intermedias del texto eng
092 ## - LOCALLY ASSIGNED DEWEY DECIMAL CALL NUMBER
Número de clasificación xxxx
Número de ítem (Cutter) xxxx
100 1# - ASIENTO PRINCIPAL -- NOMBRE PERSONAL
Nombre personal Asimov, Isaac,
Fechas asociadas con el nombre 1920-1992.
240 10 - TITULO UNIFORME
Título uniforme Lucky Starr and the pirates of the asteroids.
Idioma de una obra Español
245 10 - MENCIÓN DE TITULO
Título Lucky Starr :
Subtítulo Los piratas de los asteroides /
Mención de responsabilidad Isaac Asimov ; ilustraciones de María Teresa Cáceres ; traducción del inglés Ma. Teresa Segur.
260 ## - PUBLICACIÓN, DISTRIBUCIÓN, ETC. (PIE DE IMPRENTA)
Lugar de publicación, distribución, etc Barcelona :
Nombre del editor, distribuidor, etc. Bruguera,
Fecha de publicación, distribución, etc 1980.
300 ## - DESCRIPCIÓN FÍSICA
Extensión 220, [1] p.:
Otros detalles físicos il. ;
Dimensiones 18 cm.
490 1# - MENCIÓN DE SERIES
Mención de serie Todolibro
Volume/sequential designation 1664/30
500 ## - NOTA GENERAL
Nota general Incluye datos biográficos del autor.
700 ## - ASIENTO SECUNDARIO -- NOMBRE PERSONAL
Nombre personal Cáceres, María Teresa,
Mención de responsabilidad il.
700 12 - ASIENTO SECUNDARIO -- NOMBRE PERSONAL
Nombre personal Segur, María Teresa,
Mención de responsabilidad tr.
830 #0 - ASIENTO SECUNDARIO DE SERIE--TÍTULO UNIFORME
Nombre de la parte o sección de una obra Todolibro ;
Número de la parte o sección de una obra 1664/30
942 ## - ADDED ENTRY ELEMENTS (KOHA)
Source of classification or shelving scheme Dewey Decimal Classification
Koha item type Libros
945 ## - INFORMACIÓN DE PROCESAMIENTO LOCAL
Información de procesamiento local Inventariado, 2018/ YL
956 ## - LOCAL ELECTRONIC LOCATION AND ACCESS (OCLC)
Método de acceso LOPEREZ
Materiales especificados 10
Existencias
Withdrawn status Lost status Source of classification or shelving scheme Damaged status Not for loan Collection code Home library Current library Date acquired Source of acquisition Total Checkouts Barcode Date last seen Copy number Price effective from Koha item type
    Dewey Decimal Classification       Biblioteca Pública Metropolitana Salomé Ureña Biblioteca Pública Metropolitana Salomé Ureña 03/16/2016 Donado por FUNDI   BPMET16030135 03/16/2016 Ej. 1 03/16/2016 Libros